000 01460nam a22002897a 4500
001 4489
003 FISKH
005 20240912093249.0
008 240912b cb ||||| |||| 00| 0 eng d
020 _a9780439676953
040 _aFISKH
_beng
_cFISKH
_dFISKH
050 _aPS3569.P546
082 _2813.54
100 _aSpinelli, Jerry
_d1941-
245 _aMilkweed /
_cJerry Spinelli
250 _aFirst paperback printing in 2005
260 _aNew York :
_bScholastic,
_c2005.
300 _a210 pages :
_c20cm
505 _aL
520 _aHe's a boy called Jew. Gypsy. Stopthief. Filthy son of Abraham. He's a boy who lives in the streets of Warsaw. He's a boy who steals food for himself, and the other orphans. He's a boy who believes in bread, and mothers, and angels. He's a boy who wants to be a Nazi, with tall, shiny jackboots of his own-until the day that suddenly makes him change his mind. And when the trains come to empty the Jews from the ghetto of the damned, he's a boy who realizes it's safest of all to be nobody. Newbery Medalist Jerry Spinelli takes us to one of the most devastating settings imaginable-Nazi-occupied Warsaw during World War II-and tells a tale of heartbreak, hope, and survival through the bright eyes of a young Holocaust orphan.
521 8 _a510L
_bLexile
521 8 _aL
_bRaz-Plus
650 _2Fiction
_aWWII
_vSurvival
650 _2History
_aOrphans
942 _2ddc
_cBK
_n0
999 _c4489
_d4489